[Event "GER-ch51 V05 email"]
[Site "GER email"]
[Date "2019.04.14"]
[Round "?"]
[White "Bars, Joachim"]
[Black "Molzahn, Norbert"]
[Result "1-0"]
[WhiteElo "2407"]
[BlackElo "2286"]
[PlyCount "89"]
[EventDate "2019.??.??"]
[EventType "tourn (corr)"]
[EventRounds "10"]
[EventCountry "GER"]
[SourceTitle "Corr 2022"]
[Source "ChessBase"]
[SourceDate "2021.10.24"]
[SourceVersion "1"]
[SourceVersionDate "2021.10.24"]
[SourceQuality "1"]

1. d4 Nf6 2. c4 e6 3. Nf3 b6 4. g3 Ba6 5. Qc2 Bb7 6. Bg2 c5 7. d5 exd5 8. cxd5 Nxd5 9. 0-0 Be7 10. Rd1 Nc6 11. Qa4 Nf6 12. Nh4 g6 13. Bh6 Bf8 14. Bg5 h6 15. Bxf6 Qxf6 16. Nc3 0-0-0 17. Rd3 g5 18. Nf3 Na5 19. Rad1 Bc6 20. Qc2 Re8 21. Nd2 Kb8 22. Nd5 Qg6 23. Nc4 Nb7 24. a4 Bg7 25. e3 Re6 26. Qb3 Rc8 27. a5 b5 28. a6 bxc4 29. Qxc4 Na5 30. Qxc5 Bb7 31. Qxa5 Rxa6 32. Qe1 Qc6 33. Nf4 Qb5 34. Bxb7 Qxb7 35. Rxd7 Qb5 36. Rxf7 Bxb2 37. Nd5 Qb3 38. Kg2 Ra1 39. Rd3 Qxd5+ 40. Rxd5 Rxe1 41. Rb5+ Ka8 42. Rxb2 Ra1 43. e4 Rb8 44. Rxb8+ Kxb8 45. f4 1-0

[Event "GER-ch51 V05 email"]
[Site "GER email"]
[Date "2019.04.14"]
[Round "?"]
[White "Woelfelschneider, Peter"]
[Black "Molzahn, Norbert"]
[Result "1/2-1/2"]
[WhiteElo "2344"]
[BlackElo "2286"]
[PlyCount "49"]
[EventDate "2019.??.??"]
[EventType "tourn (corr)"]
[EventRounds "10"]
[EventCountry "GER"]
[SourceTitle "Corr 2022"]
[Source "ChessBase"]
[SourceDate "2021.10.24"]
[SourceVersion "1"]
[SourceVersionDate "2021.10.24"]
[SourceQuality "1"]

1. Nf3 c5 2. c4 Nf6 3. Nc3 e6 4. e3 d5 5. d4 Nc6 6. a3 a6 7. dxc5 Bxc5 8. b4 Bd6 9. cxd5 exd5 10. Bb2 0-0 11. Be2 Be6 12. Rc1 a5 13. b5 Ne5 14. 0-0 Qe7 15. b6 Bxa3 16. Bxa3 Nxf3+ 17. Bxf3 Qxa3 18. Nb5 Qb2 19. Rb1 Qe5 20. Nc7 Rad8 21. Rb5 a4 22. Qa1 Qxa1 23. Rxa1 Rd6 24. Rb4 Nd7 25. Rbxa4 1/2-1/2